000 00349nam a22001457a 4500
008 210309b ||||| |||| 00| 0 eng d
020 _a9781423902294
041 _aeng
080 _a004
082 _2004
100 _a29
101 _aSHKI
245 _aJava Programs to Accompany Programming Logic and Design
_cJo Ann Smith
942 _2udc
_cBK
999 _c56078
_d56078